000 00293nam a22001337a 4500
008 171030b xxu||||| |||| 00| 0 eng d
020 _a9780070110465
041 _aeng
080 _a336
100 _a57
101 _aFIN
245 _aTHE NEW CORPORATE FINANCE
_cCHEW,D.H
942 _2udc
_cBK
999 _c36436
_d36436